000 00767nam a22002297a 4500
003 OSt
005 20250825152531.0
008 250825b |||||||| |||| 00| 0 eng d
037 _cDissertation
040 _aFEDL
_beng
_cFEDL
041 _aeng
_heng
082 _a371.39 ALA/DI
100 _aAlankriti
_9818794
110 _aUniversity of Delhi. Department of Education
_9818316
245 _aOpen educational resources:
_bExploring possibilities in Indian context/
_cby Alankriti; Subhash Chander. Supervisor
260 _bUniversity of Delhi
_c2025
300 _a89p.
650 _aMETHODS OF TEACHIG
_9818795
700 _aSubhash Chander. Supervisor
_9818568
942 _2ddc
_cDIS
_h371.39 ALA/DI
_n0
999 _c1434867
_d1434867